| 000 | 00651nam a2200193Ia 4500 | ||
|---|---|---|---|
| 008 | 151119s9999||||xx |||||||||||||| ||und|| | ||
| 082 | _a614.7 | ||
| 082 | _bGKKV20702 | ||
| 100 | _aदेशपांडे भालचंद्र | ||
| 245 | _aविध्वसं पर्यावरणाचा | ||
| 260 | _a-- | ||
| 260 | _b-- | ||
| 260 | _c0 | ||
| 600 | _aदेशपांडे भालचंद्र | ||
| 630 | _aविध्वसं पर्यावरणाचा | ||
| 700 | _aदेशपांडे भालचंद्र | ||
| 730 | _aविध्वसं पर्यावरणाचा | ||
| 942 | _cBOOK | ||
| 999 |
_c1073569 _d1073566 |
||